000 02027cam a22004814i 4500
003 PE-LiUPU
005 20250731172734.0
008 150617s r 000 0 d
035 _a(Sirsi) a11571
040 _aPE-LiUPU
_bspa
_cPE-LiUPU
_erda
049 _aPRUA
082 0 4 _a248.4
_bH87
_221
100 1 _aHuegel, F. J.,
_eautor.
245 1 0 _aHueso de sus huesos /
_cF. J. Huegel.
264 1 _aBarcelona :
_bCLIE,
_c1979.
300 _a117 páginas ;
_c18 cm.
336 _atext
_2rdacontent
337 _aunmediated
_2rdamedia
338 _avolume
_2rdacarrier
490 0 _aLibros CLIE
505 0 _aLa vida cristiana: una participación, no una imitación -- Participantes de la cruz, la muerte de Cristo, nuestra muerte -- Participantes de la cruz, la muerte de Cristo nuestra muerte (Continuación) -- Pablo, el mayor exponente de la co-crucifixción -- Participantes de la resurrección de Cristo -- La ascención de Cristo nuestra ascención -- La victoria de Cristo nuestra victoria -- La victoria de Cristo (Continuación) -- Los sufrimientos de Cristo nuestros sufrimientos -- La aparición de Cristo nuestra aparición -- Un caso típico -- La influencia de esta posición sobre la Iglesia, las misiones y la oración.
526 _aSEG42
526 _aSEG41
526 _aSEG40
526 _aSEG39
526 _aP94
526 _aP87
526 _aP86
526 _aP85
526 _aP77
526 _aP76
526 _aP35
650 0 4 _aCONVERSION.
_91302
650 0 4 _aSantificación.
650 0 4 _aVIDA CRISTIANA.
910 _ajck
_bjvq
_cjck
_d20150616
942 _2ddc
_cBOOK
949 _a248.4 H87
_wDEWEY
_c1
_i20865
_lCCODEBUL1
_mBUL
_p00.00
_r0
_sY
_tBOOK
_u19820920
_xTEOLOGIA
_PP35
_0COMPRA
_o.STAFF. Colección General
994 _aC0
_bPEPRU
596 _a1
999 _a248.4 H87
_wDEWEY
_c1735
_i20865
_f2019-12-9
_g4
_lCCODEBUL1
_mBUL
_r0
_sY
_tBOOK
_u2015-6-17
_xTEOLOGIA
_PP35
_0COMPRA
_o.STAFF. Colección General
_d1735
980 _81
_gALBERTO SANCHEZ Responsable de Automatización